000 00513nam a2200193Ia 4500
008 220531s9999 xx 000 0 und d
041 _aeng
082 _a-
_bCHA
100 _aChaudhari, S. R. And Others
_970341
245 _aAnalog Systems: Electronics: Paper-ii: Semester-i
250 _a1ST
260 _aPune
_bNirali
_c2014
300 _a4.12
542 _d09-07-2015
551 _aComputer Science
_bNon-grant-CS
650 _aElectronics
_970342
906 _d2015-2016
999 _c39402
_d39402